|
|
|
|
| LEADER |
005950000a22001930004500 |
| 020 |
|
|
|a 81-8264-228-0
|
| 040 |
|
|
|a MAL
|
| 082 |
|
|
|a 791.437 2 AKA 32P6
|
| 100 |
|
|
|a Syamaprasad; Author
|
| 245 |
|
|
|a Akale: thirakkatha
|
| 260 |
|
|
|a Kozhikode, Mathrubhumi Books
|e 1978
|
| 260 |
|
|
|c 2006
|
| 460 |
|
|
|a 88p
|
| 465 |
|
|
|a Rs.45.00
|
| 500 |
|
|
|a Syamaprasad
|
| 650 |
|
|
|a Motion picture plays
|
| 650 |
|
|
|a Motion pictures-Kerala
|
| 999 |
|
|
|c 40309
|d 40309
|
| 952 |
|
|
|0 0
|1 0
|4 0
|6 791_437000000000000_2_AKA_32P6
|7 0
|8 MAL
|9 40859
|a MGUL
|b MGUL
|d 2013-07-16
|e Rs.45.00
|l 0
|o 791.437 2 AKA 32P6
|p 39098
|r 2013-07-16
|w 2013-07-16
|y BK
|